Hóa dược và kỹ thật tổng hợp 2

Nội dung sách giới thiệu về thuốc tác dụng đến hệ thần kinh thực vật, thuốc tác dụng tới tim mạch, huyết áp, máu, hô hấp, lợi tiểu, điều chỉnh rối loạn tiêu hóa...

Gardado en:
Detalles Bibliográficos
Autor Principal: Phan, Đình Châu
Formato: Libro
Idioma:Undetermined
Publicado: Hà Nội Khoa học và Kỹ thuật 2009
Những chủ đề:
Các nhãn: Engadir etiqueta
Sen Etiquetas, Sexa o primeiro en etiquetar este rexistro!
Thư viện lưu trữ: Trung tâm Học liệu Trường Đại học Cần Thơ
LEADER 00885nam a2200205Ia 4500
001 CTU_161900
008 210402s9999 xx 000 0 und d
020 |c 139000 
082 |a 615.19 
082 |b Ch125 
100 |a Phan, Đình Châu 
245 0 |a Hóa dược và kỹ thật tổng hợp 2 
245 0 |c Phan Đình Châu 
260 |a Hà Nội 
260 |b Khoa học và Kỹ thuật 
260 |c 2009 
520 |a Nội dung sách giới thiệu về thuốc tác dụng đến hệ thần kinh thực vật, thuốc tác dụng tới tim mạch, huyết áp, máu, hô hấp, lợi tiểu, điều chỉnh rối loạn tiêu hóa... 
650 |a Pharmaceutical chemistry,Drugs,Dược phẩm hóa học,Thuốc 
904 |i Qhieu 
980 |a Trung tâm Học liệu Trường Đại học Cần Thơ